00798namaa22001691i 4500001000700000003000900007005001700016008004100033016001800074040002200092100002300114245011400137260006500251300002100316500009400337852019700431172985ES-MaACL20230906215110.0091001s1877 sp r |||| | spa d7 zIND9100146317 aSpMaBN bspa cA20 aCatalina, Mariano.10aLuchas de amor b: leyenda histórico-dramática en tres actos, /coriginal y en verso de Mariano Catalina. aMadrid : b[s.n.], c1877 (fImp. y Fundición de M. Tello) a92 p. ; c19 cm. aEn port.: Representóse en el Teatro Español ... la noche del 30 de diciembre de 1870. aES-MaACLjF-8601(3) q.- Falto de la cub. original z.- Enc. en un vol. facticio formando parte de la col. facticia "Teatro Español moderno", vol. 54 z.- Firma de Gustavo Sáenz Diez, 1877